000 00677nam a2200229Ia 4500
005 20241129104313.0
008 241129s9999||||xx |||||||||||||| ||und||
020 _a9780262018029
037 _aTextual
040 _aRTL
_beng
_cRTL
041 _aeng
_2eng
084 _aD6,9(B) Q2
_qRTL
100 _aMurphy Kevin P.
_929210
245 0 _aMachine learning: A probabilistic perspective
_cMurphy Kevin P.
260 _aLondon
_bMIT Press
_c2012
300 _axxx,1071p.
365 _aINR
_bRs.9181.70
490 _aAdaptive Computation and Machine Learning
650 _aMachine Learning
_9480917
942 _cTB
_hD6,9(B) Q2
999 _c1225301
_d1225301